| 000 | 00388cam a2200169ua 4500 | ||
|---|---|---|---|
| 020 | _c3.00 | ||
| 041 |
_ahin _h |
||
| 082 |
_a891.43 _bYAS/JA |
||
| 100 | _aYashpal, . | ||
| 245 |
_aJag ka mujra / _cYashpal. _hTextual Documents |
||
| 260 |
_aLucknow : _bViplav Karyalay , _c1962. |
||
| 300 | _a122 ; . | ||
| 365 | _a3.00 | ||
| 504 | _a | ||
| 942 | _cBK | ||
| 999 |
_c11653 _d11653 |
||